ARRUPE JESUIT UNIVERSITY

CORONAVIRUS -STOP THE SPREAD - CLEAN,DISINFECT,COVER

Elementary Particle Physics (Record no. 121589)

MARC details
000 -LEADER
fixed length control field 00579nam a22002057a 4500
003 - CONTROL NUMBER IDENTIFIER
control field ARRUPE
005 - DATE AND TIME OF LATEST TRANSACTION
control field 20150109151759.0
007 - PHYSICAL DESCRIPTION FIXED FIELD--GENERAL INFORMATION
fixed length control field 9780710212344
008 - FIXED-LENGTH DATA ELEMENTS--GENERAL INFORMATION
fixed length control field 150109b xxu||||| |||| 00| 0 eng d
010 ## - LIBRARY OF CONGRESS CONTROL NUMBER
LC control number QC793.2.K46 1987
040 ## - CATALOGING SOURCE
Transcribing agency hg
300 ## - PHYSICAL DESCRIPTION
Dimensions 20cm.
100 ## - MAIN ENTRY--PERSONAL NAME
Personal name Kenyon, I.R.
9 (RLIN) 13722
245 ## - TITLE STATEMENT
Title Elementary Particle Physics
Statement of responsibility, etc I.R. Kenyon
260 ## - PUBLICATION, DISTRIBUTION, ETC. (IMPRINT)
Place of publication, distribution, etc London
Name of publisher, distributor, etc Routledge and Kegan Paul
Date of publication, distribution, etc 1987
300 ## - PHYSICAL DESCRIPTION
Extent xii, 312p. ;
650 ## - SUBJECT ADDED ENTRY--TOPICAL TERM
Topical term or geographic name as entry element Particles (Nuclear physics)
9 (RLIN) 13723
650 ## - SUBJECT ADDED ENTRY--TOPICAL TERM
Topical term or geographic name as entry element Gauge fields (physics)
9 (RLIN) 13724
650 ## - SUBJECT ADDED ENTRY--TOPICAL TERM
Topical term or geographic name as entry element Hadrons
9 (RLIN) 13725
942 ## - ADDED ENTRY ELEMENTS (KOHA)
Source of classification or shelving scheme Library of Congress Classification
Koha item type Monograph ( Printed materials)
Holdings
Withdrawn status Lost status Source of classification or shelving scheme Damaged status Not for loan Collection code Home library Current library Shelving location Date acquired Total Checkouts Full call number Barcode Date last seen Price effective from Koha item type
    Library of Congress Classification     Main Collection ARRUPE LIBRARY ARRUPE LIBRARY Main Collection 09/01/2015   QC793.2.K46 1987 46500003326 02/07/2019 09/01/2015 Monograph ( Printed materials)

 

Arrupe Library. PO Box MP320 Mt Pleasant, Harare, Zimbabwe
263 242 745411|librarian@aju.ac.zw